00549nam a2200181Ia 4500003000400000005001700004008004100021020003000062040001700092082002200109100001900131245010700150250001200257260002500269300002100294500002400315650002800339IIN20250325130225.0250325s9999 xx ad 001 0 eng d cRs.1195.00a9789354669439 aIINbEnglish a611 bCHA1 aChaurasia, BD 1 aBD Chaurasia's Human AnatomybRegional and Applied Dissection and Clinical Head and NeckcBD Chaurasia a10th ed bCBSaNew Delhic2025 axx, 322 p. / V.3 aV.3 : Head and Neck1 aAnatomy xHuman Anatomy